Statistics for Famous Landmarks Out Of Focus #3

Click here to take the quiz!

General Stats

  • This quiz has been taken 5,705 times
  • The average score is 8 of 16

Answers on the Map

Answers color-coded by a green-red scale on the quiz's map according to % correct below.
 

Answer Stats

% Correct
Great Pyramid of Giza
95%
Tower Bridge, London
82%
Hollywood Sign, Los Angeles
80%
Mount Fuji, Japan
70%
Brandenburg Gate, Berlin
59%
Capitol Building, USA
58%
Space Needle, Seattle
57%
White Cliffs of Dover, UK
50%
Florence Cathedral, Italy
49%
Empire State Building, New York
47%
Notre-Dame de Paris
47%
Pantheon, Rome
44%
Chichen Itza, Mexico
41%
Angkor Wat, Cambodia
37%
The Alamo, Texas
23%
Guggenheim Museum, Bilbao
8%

Score Distribution

Percentile by Number Answered

Percent of People with Each Score

Your Score History

You have not taken this quiz